[Event "RSA-ch U20"]
[Site "Bloemfontein"]
[Date "2016.03.25"]
[Round "10"]
[White "Joon, Gavin"]
[Black "Govindasamy, Nashlen"]
[Result "0-1"]
[WhiteElo "1145"]
[BlackElo "2033"]
[PlyCount "96"]
[EventDate "2016.03.20"]
[EventType "swiss"]
[EventRounds "11"]
[EventCountry "RSA"]
[SourceTitle "CBM 171 Extra"]
[Source "ChessBase"]
[SourceDate "2016.04.26"]
[SourceVersion "1"]
[SourceVersionDate "2016.04.26"]
[SourceQuality "1"]

1. d4 Nf6 2. c4 g6 3. Nf3 Bg7 4. Nc3 d6 5. e4 0-0 6. Be2 e5 7. dxe5 dxe5 8. Bg5 Nbd7 9. Nd5 c6 10. Nxf6+ Bxf6 11. Bd2 Qe7 12. Qc2 Rd8 13. b4 Nf8 14. h3 Ne6 15. Bc3 Nd4 16. Qb2 c5 17. b5 Be6 18. Bxd4 cxd4 19. Bd3 Rac8 20. Rc1 Bg7 21. 0-0 f5 22. Nd2 Bh6 23. f3 Be3+ 24. Kh1 f4 25. a4 g5 26. c5 Bxd2 27. Qxd2 Rxc5 28. Qb4 Rdc8 29. Rxc5 Qxc5 30. Qxc5 Rxc5 31. Ra1 Bd7 32. Kh2 Kf7 33. g3 Rc3 34. Rd1 b6 35. Rd2 Be6 36. gxf4 gxf4 37. Kg2 Ke7 38. Kf2 Bxh3 39. Ke2 Be6 40. Rd1 Ra3 41. Bc2 Re3+ 42. Kf2 Rc3 43. Rd2 Kd6 44. Ke2 Bc4+ 45. Bd3 Rxd3 46. Rxd3 h5 47. Kd2 Bxd3 48. Kxd3 h4 0-1